00659nam a2200217Ia 4500003000400000005001700004008004100021020001500062040001800077041000800095082002100103100001500124245005300139250001200192260006200204300002900266650001700295651004700312651004300359651003900402OSt20230728142822.0210716s2007 xx 000 0 und d a8176299294 cAIMIT LIBRARY aeng a346.07 21bJAIN aJain, N K. aCompany law : blaw and practice /cBy N K Jain. a1st ed. aNew Delhi :bDeep and deep publications pvt. ltd ,c2007. axvi,522p. ;bPBc21.3 cm aBusiness Law aFormation and incorporation of the company aMemorandum and articles of association aMembership and register of members